| Tag |
First Indicator |
Second Indicator |
Subfields |
| LEADER |
00000cam a2200000 a 4500 |
| 001 |
in00001221069 |
| 005 |
20151003052839.0 |
| 008 |
940506s1995 caua b 001 0 eng |
| 010 |
|
|
|a 94020274
|
| 020 |
|
|
|a 0534250440 (acid-free paper)
|
| 035 |
|
|
|a (OCoLC)30511140
|
| 035 |
|
|
|9 AGR7192AM
|
| 040 |
|
|
|a DLC
|c DLC
|d TXA
|d UtOrBLW
|
| 043 |
|
|
|a n-us---
|
| 049 |
|
|
|a TXAM
|
| 050 |
0 |
0 |
|a LC4713.4
|b .L47 1995
|
| 082 |
0 |
0 |
|a 371.93
|2 20
|
| 100 |
1 |
|
|a Lerner, Janet W.
|
| 245 |
1 |
0 |
|a Attention deficit disorders :
|b assessment and teaching /
|c Janet W. Lerner, Barbara Lowenthal, Sue R. Lerner.
|
| 264 |
|
1 |
|a Pacific Grove :
|b Brooks/Cole Pub. Co.,
|c [1995]
|
| 264 |
|
4 |
|c ©1995
|
| 300 |
|
|
|a xxi, 259 pages :
|b illustrations ;
|c 24 cm.
|
| 336 |
|
|
|a text
|b txt
|2 rdacontent
|
| 337 |
|
|
|a unmediated
|b n
|2 rdamedia
|
| 338 |
|
|
|a volume
|b nc
|2 rdacarrier
|
| 504 |
|
|
|a Includes bibliographical references (pages 231-245) and indexes.
|
| 650 |
|
0 |
|a Attention-deficit-disordered children
|x Education
|z United States.
|
| 650 |
|
0 |
|a Attention-deficit hyperactivity disorder
|x Diagnosis.
|
| 700 |
1 |
|
|a Lowenthal, Barbara,
|d 1927-
|
| 700 |
1 |
|
|a Lerner, Sue R.,
|d 1953-
|
| 999 |
|
|
|a MARS
|
| 999 |
f |
f |
|s 70c6bd88-730a-36ee-b507-0bb3a91cd392
|i bf164805-a86b-3518-8be0-54a4f97013f9
|t 0
|
| 952 |
f |
f |
|p normal
|a Texas A&M University
|b College Station
|c Sterling C. Evans Library
|d Evans: Library Stacks
|t 0
|e LC4713.4 .L47 1995
|h Library of Congress classification
|i unmediated -- volume
|m A14825350566
|
| 998 |
f |
f |
|a LC4713.4 .L47 1995
|t 0
|l Evans: Library Stacks
|